000 00306nam a2200133 i 4500
001 bg
100 1 _aŻmija, Józef.
245 0 _aOtrzymywanie monokryształów /
_cJ.Żmija.
260 _aWarszawa,
_c1988.
040 _cBPK
041 _apol
942 _cKS
008 s pl f |000 0 pol
999 _c28675
_d28675
856 _uhttp://koha.tu.koszalin.pl/cgi-bin/koha/opac-detail.pl?biblionumber=28675
_yKatalog online BPK